000 00513nam a2200169 i 4500
001 39437
003 ES-MaACL
005 20230906160000.0
007 t|
008 030303s1943 sp ||||1| spa d
100 1 _aCampo, Agustín del.
_934189
245 1 0 _aPoesía y estilo de la "Noche oscura" /
_cAgustín del Campo.
260 _aMadrid :
_b[s.n.,
_c1943]
300 _a13 h. ;
_c25 cm.
500 _aEs separata de: Revista de ideas estéticas (julio-septiembre)
852 _aES-MaACL
_j1839-F-23
_bR.20881
999 _c39437
_d39437